Business and agricultural property relief (Record no. 112588)
[ view plain ]
| 000 -LEADER | |
|---|---|
| fixed length control field | 00744cam a22002295a 4500 |
| 001 - CONTROL NUMBER | |
| control field | L153547 |
| 008 - FIXED-LENGTH DATA ELEMENTS--GENERAL INFORMATION | |
| fixed length control field | 110804s2011 xxk f 000 0 eng d |
| 020 ## - INTERNATIONAL STANDARD BOOK NUMBER | |
| International Standard Book Number | 9781845923440 |
| 035 ## - SYSTEM CONTROL NUMBER | |
| System control number | (Sirsi) u153547 |
| 041 0# - LANGUAGE CODE | |
| Language code of text/sound track or separate title | eng |
| 050 04 - LIBRARY OF CONGRESS CALL NUMBER | |
| Classification number | 336.2002463 |
| -- | 18 |
| 100 1# - MAIN ENTRY--PERSONAL NAME | |
| Personal name | Harris, T |
| 245 00 - TITLE STATEMENT | |
| Title | Business and agricultural property relief |
| 250 ## - EDITION STATEMENT | |
| Edition statement | 5th ed. |
| 260 ## - PUBLICATION, DISTRIBUTION, ETC. | |
| Place of publication, distribution, etc. | West Sussex |
| Name of publisher, distributor, etc. | Bloomsbury Professional Ltd. |
| Date of publication, distribution, etc. | 2011 |
| 520 ## - SUMMARY, ETC. | |
| Summary, etc. | Provides a practical guide to rules concerning inheritance tax relief for heritage properties, businesses, farms and woodland. Includes worked examples, and considers both legislation and case law. |
| 521 ## - TARGET AUDIENCE NOTE | |
| Target audience note | s |
| 590 ## - LOCAL NOTE (RLIN) | |
| Local note | KA |
| 651 #4 - SUBJECT ADDED ENTRY--GEOGRAPHIC NAME | |
| Geographic name | ENGLAND AND WALES |
| 690 ## - LOCAL SUBJECT ADDED ENTRY--TOPICAL TERM (OCLC, RLIN) | |
| Topical term or geographic name as entry element | TAXATION |
| 942 ## - ADDED ENTRY ELEMENTS (KOHA) | |
| Suppress in OPAC | 0 |
| Withdrawn status | Lost status | Source of classification or shelving scheme | Damaged status | Not for loan | Home library | Current library | Shelving location | Date acquired | Total Checkouts | Full call number | Barcode | Date last seen | Copy number | Price effective from | Koha item type |
|---|---|---|---|---|---|---|---|---|---|---|---|---|---|---|---|
| Dewey Decimal Classification | London | London | Basement | 30/08/2011 | BASEMENT 61 | 30076662 | 06/08/2019 | 1 | 06/08/2019 | Book |